(1917-1943) : ლექსები / (ბიბ.ჩანაწერი № 40566)
[ მარტივი ფორმატი ]
| 000 -ლიდერი | |
|---|---|
| ფიქსირებული სიგრძის საკონტროლო ველი | 01013nam a2200229Ia 4500 |
| 001 - საკონტროლო ნომერი | |
| საკონტროლო ველი | 7190 |
| 003 - საკონტროლო ნომრის იდენტიფიკატორი | |
| საკონტროლო ველი | GE_BSU |
| 005 - ბოლო ოპერაციის თარიღი და დრო | |
| საკონტროლო ველი | 20230925125903.0 |
| 008 - ფიქსირებული სიგრძის მონაცემთა ელემენტები - ზოგადი ინფორმაცია | |
| ფიქსირებული სიგრძის საკონტროლო ველი | 181216s2011||||ge |||||||||||||| ||geo|| |
| 020 ## - წიგნის საერთაშორისო სტანდარტული ნომერი | |
| International Standard Book Number | 9789941438028 |
| 040 ## - კატალოგიზაციის წყარო | |
| Transcribing agency | GE_BSU |
| 041 ## - ენის კოდი | |
| Language code of text/sound track or separate title | geo |
| 080 ## - უნივერსალური ათობითი კლასიფიკაციის ინდექსი | |
| Universal Decimal Classification number | 821.353.1-1 გ-76 |
| 100 ## - მთავარი ჩანაწერი - პიროვნების სახელი | |
| Personal name | ასათიანი, ლადო |
| 9 (RLIN) | 19908 |
| 245 ## - ცნობა სათაურის შესახებ | |
| Title | (1917-1943) : ლექსები / |
| Statement of responsibility, etc | ტერენტი გრანელი ; მთ. რედ. : ეთერ ინწკირველი, პროგრამის ხელმძ. ზაზა აბზიანიძე, მხატვ. თეა ინწკირველი. |
| 264 ## - წარმოების, გამოცემის, დისტრიბუციის და სხვა ცნობები | |
| გამოცემის, წარმოების, დისტრიბუციის... ადგილი | თბილისი : |
| გამოცემის, წარმოების, დისტრიბუციის... სახელწოდება | საოჯახო ბიბლიოთეკა, |
| გამოცემის, წარმოების, დისტრიბუციის... თარიღი | 2012. |
| 300 ## - ფიზიკური აღწერა | |
| Extent | 203 გვ. : |
| Other physical details | ფოტო-პორტრეტი ; |
| Dimensions | 22 სმ. |
| 490 ## - სერიის ცნობა | |
| Series statement | ქართული სიტყვიერება |
| International Standard Serial Number | ISSN 2233-3053 |
| 653 ## - INDEX TERM--UNCONTROLLED | |
| Uncontrolled term | ლექსები |
| 942 ## - ADDED ENTRY ELEMENTS (KOHA) | |
| Koha item type | წიგნი |
| Source of classification or shelving scheme | |
| ჩამოწერის სტატუსი | დაკარგული ეგზემპლარის სტატუსი | კლასიფიკაციის წყარო ან თაროზე გაწყობის სქემა | დაზიანების სტატუსი | არ გაიცემა | მუდმივი მდებარეობა (დაცვის ადგილი) | ამჟამინდელი ადგილსამყოფელი | თაროზე განთავსების ადგილი | შეძენის თარიღი | ღირებულება, შესყიდვის ნორმალური ფასი | სრული შენახვის შიფრი | შტრიხკოდი | ბოლო ოპერაციის თარიღი | ეგზემპლარის მიმდევრობითი ნომერი (კეტერი?) | ფასის ძალაში შესვლის თარიღი | ეგზემპლარის სახეობა | საჯარო შენიშვნა |
|---|---|---|---|---|---|---|---|---|---|---|---|---|---|---|---|---|
| ბათუმის შოთა რუსთაველის სახელმწიფო უნივერსიტეტის მთავარი ბიბლიოთეკა | ბათუმის შოთა რუსთაველის სახელმწიფო უნივერსიტეტის მთავარი ბიბლიოთეკა | წიგნსაცავი | 2018-12-17 | 8.00 | 821.353.1-1 გ-76 | 22696 | 2018-12-17 | 22696 | 2018-12-17 | წიგნი | 8.00 ₾. | |||||
| ბათუმის შოთა რუსთაველის სახელმწიფო უნივერსიტეტის მთავარი ბიბლიოთეკა | ბათუმის შოთა რუსთაველის სახელმწიფო უნივერსიტეტის მთავარი ბიბლიოთეკა | წიგნსაცავი | 2018-12-17 | 8.00 | 821.353.1-1 გ-76 | 22697 | 2018-12-17 | 22697 | 2018-12-17 | წიგნი | 8.00 ₾. | |||||
| ბათუმის შოთა რუსთაველის სახელმწიფო უნივერსიტეტის მთავარი ბიბლიოთეკა | ბათუმის შოთა რუსთაველის სახელმწიფო უნივერსიტეტის მთავარი ბიბლიოთეკა | წიგნსაცავი | 2018-12-17 | 8.00 | 821.353.1-1 გ-76 | 22698 | 2018-12-17 | 22698 | 2018-12-17 | წიგნი | 8.00 ₾. | |||||
| ბათუმის შოთა რუსთაველის სახელმწიფო უნივერსიტეტის მთავარი ბიბლიოთეკა | ბათუმის შოთა რუსთაველის სახელმწიფო უნივერსიტეტის მთავარი ბიბლიოთეკა | წიგნსაცავი | 2018-12-17 | 8.00 | 821.353.1-1 გ-76 | 22699 | 2018-12-17 | 22699 | 2018-12-17 | წიგნი | 8.00 ₾. | |||||
| ბათუმის შოთა რუსთაველის სახელმწიფო უნივერსიტეტის მთავარი ბიბლიოთეკა | ბათუმის შოთა რუსთაველის სახელმწიფო უნივერსიტეტის მთავარი ბიბლიოთეკა | წიგნსაცავი | 2018-12-17 | 8.00 | 821.353.1-1 გ-76 | 22700 | 2018-12-17 | 22700 | 2018-12-17 | წიგნი | 8.00 ₾. |
